00557cam a2200181u 45000010008000000030006000080050017000140080041000310100017000720400019000890500016001080820013001241000053001372450024001902600074002143000029002886500058003177826106GBCCL20241126110444.0830118s1934 tnu f 000 0 eng  a 34034411  aDLCcCarPdDLC00aBX6345b.H6 a253bHOB1 aHobbs, James Randolph,d1874- [from old catalog]14aThe pastor's manual a[Nashville,bSunday school board, Southern Baptist convention,c1934] a2 p.l., 3-253 p.c17 cm. 0aPastoral theologyxBaptistsvHandbooks, manuals, etc.